Practical Counselling and Helping Skills / Text and Exercises for the Lifeskills Counselling Model: Fourth Edition (Record no. 416)
[ view plain ]
| 000 -LEADER | |
|---|---|
| fixed length control field | 01434cam a22002054a 4500 |
| 005 - ΗΜΕΡΟΜΗΝΙΑ ΚΑΙ ΩΡΑ ΤΕΛΕΥΤΑΙΑΣ ΕΝΗΜΕΡΩΣΗΣ | |
| Πεδίο ελέγχου | 20250605163934.0 |
| 008 - FIXED-LENGTH DATA ELEMENTS--GENERAL INFORMATION | |
| Πεδίο ελέγχου σταθερού μήκους | 250528s ||||||||||||||||||||||||d |
| 035 ## - SYSTEM CONTROL NUMBER | |
| System control number | 14800 |
| 020 ## - ISBN | |
| ISBN | 304338311 |
| 040 ## - ΠΗΓΗ ΚΑΤΑΛΟΓΟΓΡΑΦΗΣΗΣ | |
| Φορέας πρωτότυπης καταλογογράφησης | MC Athens Campus Library |
| Γλώσσα καταλογογράφησης | Ελληνικά, Μοντέρνα (1453-) |
| Modifying agency | MC Athens Campus Library |
| Κανόνες περιγραφικής καταλογογράφησης | AACR2 |
| 245 1# - ΤΙΤΛΟΣ ΚΑΙ ΔΗΛΩΣΗ ΥΠΕΥΘΥΝΟΤΗΤΑΣ | |
| Τίτλος | Practical Counselling and Helping Skills / Text and Exercises for the Lifeskills Counselling Model: Fourth Edition |
| 250 ## - EDITION STATEMENT | |
| Edition statement | 4th |
| 260 ## - PUBLICATION, DISTRIBUTION, ETC. | |
| Name of publisher, distributor, etc. | Cassell, |
| Date of publication, distribution, etc. | 1998 |
| 300 ## - PHYSICAL DESCRIPTION | |
| Extent | 526 |
| 520 ## - SUMMARY, ETC. | |
| Summary, etc. | A comprehensive source of counselling skills for trainers, students and practitioners in the helping services. Preface, Introduction, Life Skills Theory, Life Skills Model of Practice, Counsellors as Persons, Develop the Relationship and Clarify Problems, Listening Skills, Showing Understanding Skills, Clarifying Problems Skills, Assess and Restate Problems in Skills Terms, Assess Feelings and Physical Reactions, Assess Thinking and Actions, Restate Problems in Skills Terms, Stage Goals and Plan Interventions, State Deficits as Goals, Plan Interventions, Intervene to Develop Life Skills, Delivering Interventions Skills, Interventions for Thinking, Interventions for Actions, Interventions for Feelings, Emphasize Take-Away and End, Emphasize Take-Away of Life Skills, End and Evaluate, Looking Ahead, Develop Your Counselling Skills, Bibliography, Name and Subject Index. |
| 700 1# - ΠΡΟΣΘΕΤΗ ΑΝΑΓΡΑΦΗ--ΦΥΣΙΚΟ ΠΡΟΣΩΠΟ | |
| Personal name | Nelson-Jones Richard |
| 9 (RLIN) | 55 |
| 942 ## - ADDED ENTRY ELEMENTS (KOHA) | |
| Koha item type | Books |
| Τύπος τεκμηρίου | Βιβλιοθήκη | Τρέχουσα τοποθεσία | Barcode | Αριθμός εισαγωγής | Ημερομηνία απόκτησης | Ταξιθετικό σύμβολο | Αριθμός αντιτύπου | Κατάσταση απόσυρσης | Κατάσταση χαμένου | Κατάσταση κατεστραμμένου | Μη δανεισμός | Σύνολο δανεισμών | Ημερομηνία τελευταίας εμφάνισης | Η τιμή ισχύει από |
|---|---|---|---|---|---|---|---|---|---|---|---|---|---|---|
| Books | MC Athens Campus Library | MC Athens Campus Library | 9780000004154 | 4966 | 05/06/2025 | 361.06 NEL | 1 | 05/06/2025 | 05/06/2025 |